Cuadros estadísticos de la población económicamente activa por rama de actividad económica, grupos ocupacionales y categoría ocupacional, según sexo, área y departamentos: Censos 1950, 1964, 1973
Cifras sobre población económicamente activa de los censos 1950, 1964 y 1973, en Guatemala (corrección por omisión censal). Señala que el objetivo del trabajo fue corregir las cifras de la PEA censada en dichos años, según rama de actividad económica, grupos ocupacionales y categoría ocupacional, po...
Na minha lista:
| Autor Corporativo: | |
|---|---|
| Formato: | Texto |
| Publicado em: |
Guatemala:
CONAPLAN
|
| Assuntos: | |
| Tags: |
Adicionar Tag
Sem tags, seja o primeiro a adicionar uma tag!
|
MARC
| LEADER | 00000 a a2200000 04500 | ||
|---|---|---|---|
| 001 | 20055 | ||
| 003 | |||
| 040 | |||
| 090 | |a 082200 | ||
| 110 | |a Guatemala. Consejo Nacional de Planificación Económica | ||
| 245 | |a Cuadros estadísticos de la población económicamente activa por rama de actividad económica, grupos ocupacionales y categoría ocupacional, según sexo, área y departamentos: Censos 1950, 1964, 1973 | ||
| 260 | |a Guatemala: |b CONAPLAN | ||
| 300 | |a 91 p. | ||
| 520 | |a Cifras sobre población económicamente activa de los censos 1950, 1964 y 1973, en Guatemala (corrección por omisión censal). Señala que el objetivo del trabajo fue corregir las cifras de la PEA censada en dichos años, según rama de actividad económica, grupos ocupacionales y categoría ocupacional, por sexo área y departamentos./ACM | ||
| 650 | |a GUATEMALA | ||
| 650 | |a CENSOS ECONOMICOS | ||
| 650 | |a CENSOS DE POBLAICON | ||
| 650 | |a MANO DE OBRA | ||
| 650 | |a CUADROS ESTADISTICOS | ||
| 650 | |a INDICADORES ECONOMICOS | ||
| 650 | |a POBLACION ECONOMICAMENTE ACTIVA | ||
| 999 | |c 1381 |d 1381 | ||
